エクスポート完了 — 

 Heat and mass transfer : fundamentals & applications

保存先:
書誌詳細
第一著者:  Cengel, Yunus A
フォーマット: Sách
言語:Undetermined
出版事項:  Mc Graw hill  2015
主題:
タグ: タグ追加
タグなし, このレコードへの初めてのタグを付けませんか!
Thư viện lưu trữ: Trung tâm Thư viện - Trường Đại học Công nghiệp TP. Hồ Chí Minh
LEADER 00519nam a2200157Ia 4500
001 UIH_05109
008 231011s9999 xx 000 0 und d
082 |a  621.4022 
100 |a  Cengel, Yunus A 
245 0 |a  Heat and mass transfer : fundamentals & applications 
245 0 |c  Cengel, Yunus A 
260 |b  Mc Graw hill 
260 |c  2015 
650 |a  Heat; Mass transfer; Truyền khối;  
927 |a Sách 
980 |a Trung tâm Thư viện - Trường Đại học Công nghiệp TP. Hồ Chí Minh